Đặc điểm tiểu thuyết SBC là săn bắt chuột của Hồ Anh Thái.
Hồ Anh Thái và tiểu thuyết SBC là săn bắt chuột. SBC là săn bắt chuột – Một bức tranh hiện thực đa chiều. Những đặc sắc nghệ thuật trong tiểu thuyết SBC là săn bắt chuột
Gardado en:
| Autor Principal: | |
|---|---|
| Outros autores: | |
| Formato: | Libro |
| Idioma: | Vietnamese |
| Publicado: |
Đà Nẵng
Đại học Sư phạm, Đại học Đà Nẵng
2013
|
| Những chủ đề: | |
| Các nhãn: |
Engadir etiqueta
Sen Etiquetas, Sexa o primeiro en etiquetar este rexistro!
|
| Thư viện lưu trữ: | Mạng thư viện Đại học Đà Nẵng |
|---|
| LEADER | 01753nam a2200385 4500 | ||
|---|---|---|---|
| 001 | 000019036 | ||
| 003 | 15471 | ||
| 005 | 20140313160324.0 | ||
| 008 | 140228s2013 viesd | ||
| 041 | |a vie | ||
| 072 | |a VH | ||
| 082 | 1 | 4 | |a 895.922334 |b NG-T |
| 100 | 1 | |a Nguyễn Thị Thoa | |
| 245 | 1 | 0 | |a Đặc điểm tiểu thuyết SBC là săn bắt chuột của Hồ Anh Thái. |c Nguyễn Thị Thoa ; Phạm Thị Thu Hương hướng dẫn |k Khóa luận tốt nghiệp |
| 260 | |a Đà Nẵng |b Đại học Sư phạm, Đại học Đà Nẵng |c 2013 | ||
| 300 | |a 75 tr. |c 29 cm. | ||
| 500 | |a Khóa luận tốt nghiệp đại học. Chuyên ngành: Sư phạm Ngữ văn | ||
| 520 | |a Hồ Anh Thái và tiểu thuyết SBC là săn bắt chuột. SBC là săn bắt chuột – Một bức tranh hiện thực đa chiều. Những đặc sắc nghệ thuật trong tiểu thuyết SBC là săn bắt chuột | ||
| 600 | 1 | 4 | |a Hồ Anh Thái |d 1960- |t Săn bắt chuột |
| 650 | 0 | 4 | |a Tiểu thuyết Việt Nam |v Khóa luận tốt nghiệp |x Hồ Anh Thái |
| 653 | |a Săn bắt chuột | ||
| 653 | |a Khoa Ngữ văn | ||
| 653 | |a Tiểu thuyết Việt Nam | ||
| 653 | |a Văn học Việt Nam | ||
| 700 | 1 | |a Phạm Thị Thu Hương |e Hướng dẫn | |
| OWN | |a LSP | ||
| AVA | |a UDN50 |b LSP |d 895.922334 NG-T |e available |t Error 5001 Not defined in file expand_doc_bib_avail. |f 1 |g 0 |h N |i 0 |k 1 | ||
| 999 | |a From the UDN01 | ||
| AVA | |a UDN50 |b LSP |d 895.922334 NG-T |e available |t Error 5001 Not defined in file expand_doc_bib_avail. |f 1 |g 0 |h N |i 0 |k 1 | ||
| TYP | |a Monograph | ||
| TYP | |a Printed language | ||
| 980 | |a Mạng thư viện Đại học Đà Nẵng | ||